| 000 | 01209nam a2200325 i 4500 | ||
|---|---|---|---|
| 001 | 000008159 | ||
| 003 | DO-SdBNP | ||
| 005 | 20240301141636.0 | ||
| 007 | ta | ||
| 008 | 090915s1990 dr b 000 f spa d | ||
| 040 |
_aDO-SdBNP _bspa _cBNPHU _erda |
||
| 082 | 4 |
_aRD863.44 _bG731n _222 |
|
| 100 | 1 |
_aGraciano, Berta, _d1959- _922150 _eautora |
|
| 245 | 1 | 3 |
_aLa novela de la caña : _bestética e ideología / _cBerta Graciano |
| 264 | 1 |
_aSanto Domingo : _bAlfa y Omega, _c1990. |
|
| 300 |
_a131 páginas : _bmapas ; _c21 cm. |
||
| 336 |
_2rdacontent _atexto _btxt |
||
| 337 |
_2rdamedia _asin mediación _bn |
||
| 338 |
_2rdacarrier _avolumen _bnc |
||
| 504 | _aBibliográfia : p. 125-131 | ||
| 590 | _aInventariado, 2020/YL | ||
| 600 | 1 | 0 |
_a Moscoso Puello, F. E., _q (Francisco Eujenio) _d1885-1959 _958361 |
| 600 | 1 | 4 |
_aMarrero Aristy, Ramón, _d1913-1959 _tOver _922152 |
| 600 | 1 | 4 |
_aAmiama, Manuel A., _d1899-1991 _tTerrateniente _922153 |
| 650 | 4 |
_aNovela dominicana _xHistoria y crítica _92210 |
|
| 650 | 4 |
_aLiteratura dominicana _xHistoria y crítica _9159 |
|
| 650 | 4 |
_aCaña de azúcar _xCultivo _zRepública Dominicana _xNovela _922154 |
|
| 910 | _aValidado. Control de calidad MFF | ||
| 942 |
_2ddc _cLBS1 |
||
| 999 |
_c7936 _d7936 |
||